000 01282cam a2200313 a 4500
999 _c7411
_d7411
001 13111400
003 OSt
005 20211029114341.0
008 030305s2003 enka b 001 0 eng
010 _a 2003044038
020 _a052182205X
020 _a0521529522 (pbk.)
040 _aDLC
_cDDC
_dDLC
050 0 0 _aQE33
_b.S79 2003
082 0 0 _a550STR 2003
100 1 _aStrangeways, Ian;
_d1932-
_915173
245 1 0 _aMeasuring the natural environment.
_cEdited by Strangeways,Ian;
250 _a2nd ed.
260 _aNew York.
_bCambridge University Press
_c2003.
300 _aix,534p;
_bill;
_c26cm.
504 _aIncludes; bibliographical references and index.
650 0 _aEnvironmental Research
_915174
856 4 2 _3Publisher description
_uhttp://www.loc.gov/catdir/description/cam032/2003044038.html
856 4 1 _3Table of contents
_uhttp://www.loc.gov/catdir/toc/cam032/2003044038.html
856 4 2 _3Contributor biographical information
_uhttp://www.loc.gov/catdir/enhancements/fy0731/2003044038-b.html
906 _a7
_bcbc
_corignew
_d1
_eocip
_f20
_gy-gencatlg
942 _2ddc
_cO_SHELF